| 000 | 01355nam0a2200337 4500 | ||
|---|---|---|---|
| 001 | RU\NLR\bibl\91638 | ||
| 005 | 20250617075812.0 | ||
| 010 |
_a5-7389-0147-0 _9100 |
||
| 021 |
_aRU _b2000-2763 _9136 |
||
| 035 | _a(NLR Aleph) 000089561 | ||
| 090 |
_a502026 _c502026 |
||
| 100 | _a20000613d1999 |||y0rusy50 ca | ||
| 101 | 0 | _arus | |
| 102 | _aRU | ||
| 105 | _aa ||||||||| | ||
| 200 | 1 |
_aПроблемы использования дизелей на неустановившихся режимах _fВ.Д. Басаргин _gМ-во образования Рос. Федерации, Хабар. гос. техн. ун-т |
|
| 210 |
_aХабаровск _cИзд-во ХГТУ _d1999 |
||
| 215 |
_a71 с. _cил. _d21 |
||
| 320 | _aБиблиогр.: с. 61-69 (55 назв.) | ||
| 606 | 0 |
_aДвигатели Дизеля _xРежим работы неустановившийся _92170762 _3RU\NLR\auth\661305828 |
|
| 606 | 1 |
_aДизели _xРежим работы неустановившийся _92424383 _3RU\NLR\auth\661443530 |
|
| 686 | _aО365-016 | ||
| 700 | 1 |
_aБасаргин _bВ. Д. _gВладимир Данилович _4070 |
|
| 801 | 0 |
_aRU _bNLR _c20000613 _gPSBO |
|
| 801 | 1 |
_aRU _bNLR _c20000613 |
|
| 830 | _aАвт. по кн. | ||
| 852 |
_aNLR _j2000-4/2365 |
||
| 942 | _cBOOK | ||
| 980 | _aNB | ||